书目信息 |
| 题名: |
楼宇设备自动化技术
|
|
| 作者: | 殷际英 , 李玏一 编著 | |
| 分册: | ||
| 出版信息: | 北京 化学工业出版社 2004.03 |
|
| 页数: | 197页 | |
| 开本: | 26cm | |
| 丛书名: | 光机电一体化丛书 | |
| 单 册: | ||
| 中图分类: | TU855 | |
| 科图分类: | ||
| 主题词: | 房屋建筑设备--自动化系统 , 房屋建筑设备 , 自动化系统 | |
| 电子资源: | ||
| ISBN: | 7-5025-5170-0 | |
| 000 | 00941nam2 2200301 45 | |
| 001 | 012004000000 | |
| 005 | 20050106104549.05 | |
| 010 | @a7-5025-5170-0@dCNY 28.00 | |
| 100 | @a20040515d2004 em y0chiy0121 ea | |
| 101 | 0 | @achi |
| 102 | @aCN@b110000 | |
| 105 | @aak z 000yy | |
| 200 | 1 | @a楼宇设备自动化技术@Alou yu she bei zi dong hua ji shu@f殷际英, 李玏一编著@Fyin ji ying,li le yi bian zhu |
| 210 | @a北京@c化学工业出版社@d2004.03 | |
| 215 | @a197页@c图, 表格@d26cm | |
| 225 | 2 | @a光机电一体化丛书 |
| 320 | @a书末附参考文献 | |
| 330 | @a本书内容涉及了智能楼宇设备自动化技术的各个主要方面。 | |
| 393 | @a〓=左“王”+右“力” | |
| 410 | 0 | @12001 @a光机电一体化丛书 |
| 606 | 0 | @a房屋建筑设备@x自动化系统 |
| 606 | 0 | @a房屋建筑设备 |
| 606 | 0 | @a自动化系统 |
| 690 | @aTU855@v4 | |
| 701 | 0 | @a殷际英@Ayin ji ying@4编著 |
| 701 | 0 | @a李玏一@Ali le yi@4编著 |
| 801 | 0 | @aCN@bQSSKw@c20050106 |
| 905 | @a10447@dTU855@eY580 | |
| 楼宇设备自动化技术/殷际英, 李玏一编著.-北京:化学工业出版社,2004.03 |
| 197页:图, 表格;26cm.-(光机电一体化丛书) |
| ISBN 7-5025-5170-0:CNY 28.00 |
| 本书内容涉及了智能楼宇设备自动化技术的各个主要方面。 |
| ● |
| 相关链接 |
|
|
|
正题名:楼宇设备自动化技术
索取号:TU855/Y580
 
预约/预借
| 序号 | 登录号 | 条形码 | 馆藏地/架位号 | 状态 | 备注 |
| 1 | 421249 | 204212495 | 建筑库201/201建筑库 55排3列3层/ [索取号:TU855/Y580] | 在馆 | |
| 2 | 421250 | 204212501 | 建筑库201/201建筑库 55排3列3层/ [索取号:TU855/Y580] | 在馆 | |
| 3 | 421251 | 204212510 | 建筑库201/201建筑库 55排3列3层/ [索取号:TU855/Y580] | 在馆 | |
| 4 | 434702 | 204347028 | 建筑库201/201建筑库 55排3列3层/ [索取号:TU855/Y580] | 在馆 | |
| 5 | 434703 | 204347037 | 建筑库201/201建筑库 55排3列3层/ [索取号:TU855/Y580] | 在馆 | |
| 6 | 434704 | 204347046 | 建筑库201/201建筑库 55排3列3层/ [索取号:TU855/Y580] | 在馆 |